000 02373cam a2200337 a 4500
001 12858391
003 ARRUPE
005 20211028103530.0
008 020717s1995 enka b 011 0 eng
010 _a 2002491801
020 _a0863773583
035 _a(OCoLC)ocm33103293
040 _aUKM
_cUKM
_dKSW
_dDGU
_dCKM
_dOCL
_dDLC
042 _alccopycat
050 0 0 _aBF441
_b.P48 1995
082 0 0 _a153.4
_221
245 0 0 _aPerspectives on thinking and reasoning :
_bessays in honour of Peter Wason /
_cedited by Stephen E. Newstead and Jonathan St. B.T. Evans.
260 _aHove, UK ;
_aHillsdale :
_bLawrence Erlbaum Associates,
_cc1995.
300 _ax, 309 p. :
_bill. ;
_c24 cm.
504 _aIncludes bibliographical references and indexes.
505 0 _aCreating a psychology of reasoning: the contribution of Peter Wason / Jonathan St. B.T. Evans and Stephen E. Newstead -- The effects of rule clarification, decision justification, and selection instruction on Wason's abstract selection task / Richard A. Griggs -- Content effects in Wason's selection task / Roger L. Dominowski -- Pragmatic reasoning about human voluntary action: evidence from Wason's selection task / Keith J. Holyoak and Patricia W. Cheng -- Deontic reasoning / Ken I. Manktelow and David E. Over -- Inference and mental models / Philip N. Johnson-Laird -- Relevance and reasoning / Jonathan St. B.T. Evans -- The abstract selection task: thesis, antithesis, and synthesis / David W. Green -- Finding logic in human reasoning requires looking in the right places / David P. O'Brien -- Hypothesis testing / Michael E. Gorman -- Scientific reasoning / Ryan D. Tweney and Susan T. Chitwood -- The THOG problem and its implications for human reasoning / Stephen E. Newstead, Vittorio Girotto, and Paolo Legrenzi -- Creativity in research / Peter Wason.
650 0 _aThought and thinking.
_96272
650 0 _aReasoning (Psychology)
_950440
700 1 _aWason, P. C.
_q(Peter Cathcart)
_950783
700 1 _aNewstead, Stephen E.
_950784
700 1 _aEvans, Jonathan St. B. T.,
_d1948-
_950785
856 4 2 _3Publisher description
_uhttp://www.loc.gov/catdir/enhancements/fy0652/2002491801-d.html
906 _a7
_bcbc
_ccopycat
_d2
_encip
_f20
_gy-gencatlg
942 _2lcc
_cMONOGRAPH
999 _c131025
_d131025